ბათუმის შოთა რუსთაველის სახელმწიფო უნივერსიტეტის ბიბლიოთეკა

Методика преподавания физики в средней школе. Теоретические основы (ბიბ.ჩანაწერი № 48126)

000 -LEADER
fixed length control field 00668nam a2200205Ia 4500
001 - CONTROL NUMBER
control field 15007
003 - CONTROL NUMBER IDENTIFIER
control field GE_BSU
008 - FIXED-LENGTH DATA ELEMENTS--GENERAL INFORMATION
fixed length control field 181216s||||||||xx |||||||||||||| ||und||
040 ## - CATALOGING SOURCE
Transcribing agency GE_BSU
080 ## - UNIVERSAL DECIMAL CLASSIFICATION NUMBER
Universal Decimal Classification number 53(072)
100 ## - MAIN ENTRY--PERSONAL NAME
Personal name Бугаев,А.И.
245 ## - TITLE STATEMENT
Title Методика преподавания физики в средней школе. Теоретические основы
260 ## - PUBLICATION, DISTRIBUTION, ETC.
Place of publication, distribution, etc. Москва
260 ## - PUBLICATION, DISTRIBUTION, ETC.
Name of publisher, distributor, etc. Просвещение.
260 ## - PUBLICATION, DISTRIBUTION, ETC.
Date of publication, distribution, etc. 1981
300 ## - PHYSICAL DESCRIPTION
Extent 287стр.22см.
653 ## - INDEX TERM--UNCONTROLLED
Uncontrolled term Методика преподавания физики в средней школе
653 ## - INDEX TERM--UNCONTROLLED
Uncontrolled term Теоретические основы
942 ## - ADDED ENTRY ELEMENTS (KOHA)
Koha item type წიგნი
ეგზემპლარები
Withdrawn status Lost status Damaged status Not for loan Date acquired Barcode Date last seen Price effective from Koha item type
        2018-12-17 15650 2018-12-17 2018-12-17 წიგნი